06177nam a2200373 i 4500001001000000003001000010005001700020007000300037008004100040020001600081040004000097041000800137082001800145245007300163264006500236264001200301300005100313336002700364337003300391338002800424505054500452505057700997505059901574505047802173505067902651505067403330505051304004505049604517505068405013563001405697650003105711653002605742700003505768768714001CO-MdFUSB20250421102119.0ta950419t1996 -usa b 0|0 | eng  a0195092937  aDLCcCO-MdFUSBdCO-MdFUSBbspaerda aeng00223a189bR28700aReadings in medieval philosophyc/ editado por Andrew B. Schoedinger 1aNew York, Estados Unidos :bOxford University Press,c[1996] 4c© 1996 a853 páginas :c24 cm.bfiguras geométricas 2rdacontentatextobtxt 2rdamediaasin mediaciónbn 2rdacarrieravolumenbnc00gParte I:tLa existencia de DiosaLa libre elección de la voluntad, Libro II, Capítulos 3-15 / San Agustín. -- La prueba de la existencia de Dios de la Metafísica de Avicena / Avicena. -- Proslogium, Prefacio y Capítulos I-IV. -- La Trinidad, o el primer principio, capítulos I-III / Guillermo de Auvernia. -- Suma Teológica Parte I: Cuestión I, Artículos 1 y 2; Cuestión II, Artículos 1, 2 y 3 / Santo Tomás de Aquino. -- "Sobre la existencia de Dios" de Tratado sobre Dios como primer principio / John Duns Scotus.00gParte II:tLa ética y el problema del mala"La Naturaleza del Mal" de Los Nombres Divinos, Capítulo Cuatro / Pseudo-Dionisio -- La mejora de las cualidades morales / Solomon Ibn Gabirol -- Ética, Prólogo y Capítulos I-XVI / Peter Abelard -- Leyes concernientes a los rasgos de carácter / Moisés Maimónides -- "Cuestiones en disputa sobre el mal" de De Malo; Pregunta Primera, Artículos 1-4 y Pregunta Tercera, Artículo 1 / Santo Tomás de Aquino -- Dios y las criaturas; Las Cuestiones Quodlibetales; Pregunta 18, Artículos I-III / John Duns Scotus.00gParte III:tLa previsión de Dios y el libre albedríoaEl Consuelo de la Filosofía, Libro V / Boecio -- Presciencia y libre elección, capítulos 1-4 / San Anselmo -- "Sobre el conocimiento de Dios" de Sobre la armonía de la religión y la filosofía/ Averroes -- "Causalidad y Presciencia de Dios"; Quodlibeta, III, Cuestión iii y Ordinatio, D. XXXVIII, Cuestión unica / Guillermo de Ockham -- Las Guerras del Señor, Libro III, Conocimiento Divino / Levi ben Gerson -- Una Cuestión Quodlibetal sobre Futuros Contingentes Disputada en Lovaina en el año 1465 / Peter de Rivo00gParte IV: tTeologíaaSobre la inmortalidad del alma / San Agustín -- Carta a Carlomagno: Sobre el ser (sustancia) de la nada y las sombras / Fridugiso de Tours -- "Sobre la Trinidad" de Periphyseon, Libro II; 561C-579D / Juan Escoto Eriugena -- Carta sobre la Omnipotencia Divina, Selecciones / San Pedro Damián -- Gracia y libre elección / San Anselmo -- Cuestiones en disputa sobre el misterio de la Trinidad; Cuestión II, Artículos I y II / San Buenaventura00gParte V:tFilosofía políticaaEl Estado Perfecto, Sección V; Capítulo 15 / Al-Farabi -- El Policraticus, Libro Cuarto, Prólogo y Capítulos I-IV / Juan de Salisbury -- De la Realeza al Rey de Chipre, Libro Primero, Capítulos I, II y VI, Libro Segundo, Capítulo III / Santo Tomás de Aquino -- Sobre el poder real y papal, prólogo y capítulos 1-7 / Juan de París -- El Defensor de la Paz, Discurso Primero, Capítulos II y VIII-XIII / Marsilio de Padua -- Ocho Cuestiones sobre el Poder del Papa, Cuestión II, Capítulos I y VII; Diálogo de Papas Potestades y Emperatrices, Parte III: Tratado ii; Libro II, Capítulos 26-28 / Guillermo de Ockham.00gParte VI:tConocimiento y sensaciónaLa Trinidad, Selecciones sobre el conocimiento / San Agustín -- Summa Theologica, Parte I, Pregunta LXXXIV, Artículos 6-8; Cuestión LXXXV, Artículos 1-8: Cuestión LXXXVI, Artículos 1-4 y Cuestión LXXXVIII, Artículos 1-3 / Santo Tomás de Aquino -- Cuestiones en disputa sobre la fe y el conocimiento, Pregunta I / Mateo de Aquasparta -- Dos cartas a Bernardo de Arezzo / Nicolás de Autrecourt -- Comentario al De Anima de Aristóteles, Libro II, Preguntas 9-11 / Jean Buridan -- Prólogo y capítulo uno, "Sobre las causas de las maravillas que implican la visión", de De causis mirabilium / Nicole Oresme.00gParte VII:tUniversalesaGlosas sobre pórfido de Logica Ingredientibus, "Sobre los universales" / Peter Abelard -- The Metalogicon, Libro II, Capítulos 17-20 / Juan de Salisbury -- Del Ser y la Esencia, Introducción y Capítulos 1-4 / Santo Tomás de Aquino -- El principio de individuación, preguntas uno-seis / John Duns Scotus -- Summa logica, Parte I, Capítulos 14-17; Quodlibet 4, Pregunta 35 y Quodlibet 5, Preguntas 12 y 13 / Guillermo de Ockham -- "Sobre los universales" / Walter Burley00gParte VIII:tLógica y filosofía del lenguajeaSobre la división / Boecio -- Introducción a la lógica, capítulo cinco, "Propiedades de los términos" / William of Sherwood -- "Tratado sobre distribuciones" de Summulae Logicales / Pedro de España -- "La naturaleza de la lógica" y "Dialéctica y demostración" de De ortu scientiarum / Robert Kilwardby -- Sophismata, Capítulo VIII, "Insolubles" / Jean Buridan -- "Sobre las proposiciones de vinculación" de Logica Magna00gParte IX:tFísicaaSobre la luz / Robert Grosseteste -- Carta a Sigerus de Foucaucourt: Sobre el imán / Peter Peregrinus de Maricourt -- Opus Majus, Parte IV: Distinciones I, II y III / Roger Bacon -- Perspectiva común, Parte II, Reflexión / John Pecham -- "La teoría del ímpetu del movimiento de proyectiles" de Preguntas sobre los ocho libros de la física de Aristóteles, Libro VIII, Pregunta 12; "Sobre la Caída Libre de los Cuerpos" y "Sobre la Rotación Diurna de la Tierra" de Preguntas sobre los Cuatro Libros sobre los Cielos y el Mundo de Aristóteles, Libro II, Preguntas 12 y 22 / Jean Buridan -- De los experimentos con el peso / Nicolás de Cusa aRústico 7aFilosofía antigua2embne aFilosofía medieval 1 aSchoedinger, Andrew B.eeditor